[Event "TUR-chT 1st League"]
[Site "Konya"]
[Date "2019.07.25"]
[Round "6.1"]
[White "Tandogan, Buket"]
[Black "Ozbay, Ece"]
[Result "0-1"]
[WhiteElo "1859"]
[BlackElo "2115"]
[PlyCount "102"]
[EventDate "2019.07.22"]
[EventType "team-swiss"]
[EventRounds "9"]
[EventCountry "TUR"]
[SourceTitle "CBM 191 Extra"]
[Source "ChessBase"]
[SourceDate "2019.09.30"]
[SourceVersion "1"]
[SourceVersionDate "2019.09.30"]
[SourceQuality "1"]
[WhiteTeam "Ankara Dernegi"]
[BlackTeam "Bayegan Pendik"]
[WhiteTeamCountry "TUR"]
[BlackTeamCountry "TUR"]

1. Nf3 d5 2. b3 Nf6 3. Bb2 Bf5 4. e3 e6 5. Be2 Be7 6. 0-0 0-0 7. d3 Nbd7 8. Nbd2 c6 9. Nd4 Bg6 10. f4 c5 11. N4f3 Ng4 12. Qc1 Nxe3 13. Re1 Rc8 14. Nf1 Nxf1 15. Rxf1 Bd6 16. c4 d4 17. Qd2 Qc7 18. g3 e5 19. fxe5 Nxe5 20. Nxe5 Bxe5 21. Bf3 f5 22. Bd5+ Kh8 23. Rf2 f4 24. Raf1 Bd6 25. gxf4 Bf5 26. Bc1 Rce8 27. Qd1 Rf6 28. Qf3 Ref8 29. Kh1 Rh6 30. Rg1 Qe7 31. Rfg2 g6 32. Rg3 Rh4 33. Qf1 Be6 34. Bxe6 Qxe6 35. Rf3 Qf6 36. Rg2 Bxf4 37. Bxf4 Rxf4 38. Rxf4 Qxf4 39. Qe1 Qf1+ 40. Qxf1 Rxf1+ 41. Rg1 Rxg1+ 42. Kxg1 Kg7 43. Kf2 Kf6 44. Kf3 Kf5 45. a3 g5 46. h3 h5 47. b4 b6 48. bxc5 bxc5 49. a4 a5 50. Kg3 g4 51. hxg4+ hxg4 0-1

[Event "TUR-chT 1st League"]
[Site "Konya"]
[Date "2019.07.24"]
[Round "4.1"]
[White "Bulmaga, Irina"]
[Black "Tandogan, Buket"]
[Result "1-0"]
[WhiteElo "2435"]
[BlackElo "1859"]
[PlyCount "73"]
[EventDate "2019.07.22"]
[EventType "team-swiss"]
[EventRounds "9"]
[EventCountry "TUR"]
[SourceTitle "CBM 191 Extra"]
[Source "ChessBase"]
[SourceDate "2019.09.30"]
[SourceVersion "1"]
[SourceVersionDate "2019.09.30"]
[SourceQuality "1"]
[WhiteTeam "Gokyay Vakfi"]
[BlackTeam "Ankara Dernegi"]
[WhiteTeamCountry "TUR"]
[BlackTeamCountry "TUR"]

1. e4 c5 2. Nf3 e6 3. d4 cxd4 4. Nxd4 Nc6 5. Nc3 Qc7 6. Be3 a6 7. Be2 Nf6 8. 0-0 Bb4 9. Na4 Be7 10. Nxc6 bxc6 11. Nb6 Rb8 12. Nxc8 Qxc8 13. Bd4 0-0 14. e5 Nd5 15. c4 Nf4 16. Qd2 Bg5 17. Qc2 c5 18. Bc3 Qc7 19. Bd3 Ng6 20. Rfe1 f5 21. g3 Qb7 22. f4 Bd8 23. Bf1 Ne7 24. Bg2 Nc6 25. Rad1 Qc8 26. Bxc6 Qxc6 27. Rd6 Qb7 28. Red1 Rf7 29. Qd3 Bb6 30. Rxd7 Rxd7 31. Qxd7 Qe4 32. Qxe6+ Kh8 33. Qd5 h6 34. Qxe4 fxe4 35. Kf2 Kg8 36. Ke3 Kf7 37. Kxe4 1-0

[Event "TUR-chT 1st League"]
[Site "Konya"]
[Date "2019.07.23"]
[Round "3.3"]
[White "Tandogan, Buket"]
[Black "Baloglu, Dila"]
[Result "0-1"]
[WhiteElo "1859"]
[BlackElo "1471"]
[PlyCount "106"]
[EventDate "2019.07.22"]
[EventType "team-swiss"]
[EventRounds "9"]
[EventCountry "TUR"]
[SourceTitle "CBM 191 Extra"]
[Source "ChessBase"]
[SourceDate "2019.09.30"]
[SourceVersion "1"]
[SourceVersionDate "2019.09.30"]
[SourceQuality "1"]
[WhiteTeam "Ankara Dernegi"]
[BlackTeam "Malatya Yesilyurt"]
[WhiteTeamCountry "TUR"]
[BlackTeamCountry "TUR"]

1. e4 c5 2. Nf3 g6 3. d4 cxd4 4. Nxd4 Bg7 5. Nc3 Nc6 6. Be3 Nf6 7. Be2 0-0 8. 0-0 d6 9. Kh1 Bd7 10. f4 Nxd4 11. Bxd4 Bc6 12. Bf3 Nd7 13. Bxg7 Kxg7 14. Qd4+ Kg8 15. Rad1 Qb6 16. Nd5 Bxd5 17. exd5 Qxd4 18. Rxd4 a5 19. Re1 Rfe8 20. Kg1 b5 21. Be2 Rab8 22. b4 a4 23. a3 Kf8 24. c4 bxc4 25. Rxc4 Nb6 26. Rd4 Rec8 27. Rd3 Rc2 28. Bg4 Rb7 29. Bd1 Rc4 30. g3 Rbc7 31. Bf3 Rc3 32. Rde3 Rc2 33. R1e2 Rxe2 34. Bxe2 Nxd5 35. Rd3 Nc3 36. Bf3 Ke8 37. Kf2 Kd7 38. Rd4 Nb5 39. Rd3 Rc2+ 40. Be2 Nc3 41. Re3 Nd1+ 42. Kf3 Nxe3 43. Kxe3 Rc3+ 44. Kd4 Rxa3 45. Bc4 e6 46. Bb5+ Kd8 47. Bc4 Ra1 48. b5 Kc7 49. Kc3 d5 50. Bd3 Ra3+ 51. Kd4 Rxd3+ 52. Kxd3 Kb6 53. Kc3 Kxb5 0-1

[Event "TUR-chT 1st League"]
[Site "Konya"]
[Date "2018.07.22"]
[Round "9.2"]
[White "Gokbulut, Julia"]
[Black "Tandogan, Buket"]
[Result "1-0"]
[WhiteElo "2067"]
[BlackElo "1896"]
[PlyCount "77"]
[EventDate "2018.07.16"]
[EventType "team-swiss"]
[EventRounds "9"]
[EventCountry "TUR"]
[SourceTitle "EXT 2019"]
[Source "ChessBase"]
[SourceDate "2018.10.10"]
[SourceVersion "1"]
[SourceVersionDate "2018.10.10"]
[SourceQuality "1"]
[WhiteTeam "Ordu Buyuksehir Belediye"]
[BlackTeam "Ankara Dernegi"]
[WhiteTeamCountry "TUR"]
[BlackTeamCountry "TUR"]

1. d4 d5 2. c4 e6 3. Nf3 Nf6 4. g3 Nbd7 5. Bg2 c6 6. Qb3 Be7 7. 0-0 0-0 8. Nc3 b6 9. Nd2 Bb7 10. Rd1 c5 11. e3 cxd4 12. exd4 dxc4 13. Nxc4 Bxg2 14. Kxg2 Qc7 15. Bf4 Qc6+ 16. Kg1 Nd5 17. Ne5 Nxe5 18. Bxe5 Rfd8 19. Rac1 Qb7 20. Nxd5 Qxd5 21. Qxd5 Rxd5 22. Rc7 Bg5 23. Rb7 Kf8 24. f4 Bd8 25. Bb8 a5 26. a4 Bf6 27. Be5 Bd8 28. Rc1 f6 29. Bb8 Rxd4 30. Rc8 Rd5 31. Bd6+ Rxd6 32. Rxa8 e5 33. Raa7 Re6 34. Rf7+ Ke8 35. Rxg7 Re7 36. Rxh7 e4 37. Kf1 f5 38. Raxe7+ Bxe7 39. Rh5 1-0

[Event "TUR-chT 1st League"]
[Site "Konya"]
[Date "2018.07.21"]
[Round "8.6"]
[White "Tandogan, Buket"]
[Black "Sahin, Handenur"]
[Result "1/2-1/2"]
[WhiteElo "1896"]
[BlackElo "1975"]
[PlyCount "131"]
[EventDate "2018.07.16"]
[EventType "team-swiss"]
[EventRounds "9"]
[EventCountry "TUR"]
[SourceTitle "EXT 2019"]
[Source "ChessBase"]
[SourceDate "2018.10.10"]
[SourceVersion "1"]
[SourceVersionDate "2018.10.10"]
[SourceQuality "1"]
[WhiteTeam "Ankara Dernegi"]
[BlackTeam "Kahramanmaras CC"]
[WhiteTeamCountry "TUR"]
[BlackTeamCountry "TUR"]

1. e4 e5 2. Nf3 Nc6 3. Nc3 Nf6 4. Bb5 Bb4 5. 0-0 0-0 6. d3 d6 7. Bg5 Bxc3 8. bxc3 Qe7 9. Bxc6 bxc6 10. Re1 h6 11. Bxf6 Qxf6 12. Nd2 Rb8 13. Nb3 Qg5 14. Qf3 Be6 15. Qg3 Qh5 16. f4 f5 17. Rf1 fxe4 18. fxe5 exd3 19. Rxf8+ Rxf8 20. cxd3 dxe5 21. Re1 Qf5 22. c4 Qf7 23. Nc5 Bc8 24. Ne4 Qf4 25. Qe3 Qxe3+ 26. Rxe3 Bf5 27. Nc5 Rd8 28. Kf2 Kf7 29. h3 Bh7 30. Ke2 Rb8 31. a4 Re8 32. Kd2 g5 33. Kc3 Kf6 34. Nd7+ Kf5 35. Rf3+ Ke6 36. Nxe5 Be4 37. Re3 Bxg2 38. Ng4+ Kf7 39. Nxh6+ Kf8 40. Rg3 Re2 41. Nf5 c5 42. Ne3 Bc6 43. Kb3 Ke7 44. a5 Ke6 45. Nc2 Rd2 46. Kc3 Rh2 47. d4 Ba4 48. Ne3 cxd4+ 49. Kxd4 Rd2+ 50. Kc3 Rh2 51. Kb4 Bc6 52. Kc5 Be4 53. Ng4 Kf5 54. Re3 Kf4 55. Rb3 Ra2 56. Kb4 c5+ 57. Kb5 Bg2 58. Nf6 Ke5 59. Ng4+ Kd4 60. Nf6 Bf1 61. Rg3 Bxc4+ 62. Kc6 Rxa5 63. Rg4+ Kd3 64. Rg3+ Kd4 65. Rg4+ Kd3 66. Rg3+ 1/2-1/2

[Event "TUR-chT 1st League"]
[Site "Konya"]
[Date "2017.07.21"]
[Round "7.6"]
[White "Tandogan, Buket"]
[Black "Alexanian, Nelli"]
[Result "1/2-1/2"]
[WhiteElo "1911"]
[BlackElo "2098"]
[PlyCount "106"]
[EventDate "2017.07.17"]
[EventType "team-swiss"]
[EventRounds "9"]
[EventCountry "TUR"]
[SourceTitle "CBM 179 Extra"]
[Source "ChessBase"]
[SourceDate "2017.08.23"]
[SourceVersion "1"]
[SourceVersionDate "2017.08.23"]
[SourceQuality "1"]
[WhiteTeam "Ankara Dernegi"]
[BlackTeam "Callica Burdur"]
[WhiteTeamCountry "TUR"]
[BlackTeamCountry "TUR"]

1. e4 e6 2. d4 d5 3. exd5 exd5 4. Bd3 c5 5. c3 c4 6. Bc2 b5 7. Nf3 Nf6 8. 0-0 Be7 9. Re1 0-0 10. Nbd2 Bg4 11. h3 Bh5 12. Nf1 Bg6 13. Ng3 Bxc2 14. Qxc2 Re8 15. Ne5 Qc7 16. Nf5 Bf8 17. Bf4 Qb7 18. Re3 Nbd7 19. Rae1 a5 20. R1e2 b4 21. Qc1 Nxe5 22. Bxe5 Re6 23. Bxf6 Rxf6 24. Ne7+ Bxe7 25. Rxe7 Qc6 26. Qe1 h6 27. Re8+ Rxe8 28. Rxe8+ Kh7 29. Qe5 bxc3 30. bxc3 Qb5 31. Rb8 Qd7 32. Ra8 a4 33. Qb8 Qf5 34. Qb2 Re6 35. Qd2 Qb1+ 36. Kh2 Re1 37. Qf4 Rh1+ 38. Kg3 Qd3+ 39. f3 Qg6+ 40. Qg4 Qb1 41. Re8 Rg1 42. a3 Qc2 43. Kh2 Rf1 44. Rd8 Ra1 45. Rxd5 Rxa3 46. Rd7 Rxc3 47. Rxf7 Qg6 48. Ra7 Qd6+ 49. Kg1 Rc1+ 50. Kf2 Rc2+ 51. Kg1 Rc1+ 52. Kf2 Rc2+ 53. Kg1 Rc1+ 1/2-1/2

[Event "TUR-chT 1st League"]
[Site "Konya"]
[Date "2017.07.20"]
[Round "6.4"]
[White "Gokbulut, Julia"]
[Black "Tandogan, Buket"]
[Result "1-0"]
[WhiteElo "1997"]
[BlackElo "1911"]
[PlyCount "67"]
[EventDate "2017.07.17"]
[EventType "team-swiss"]
[EventRounds "9"]
[EventCountry "TUR"]
[SourceTitle "CBM 179 Extra"]
[Source "ChessBase"]
[SourceDate "2017.08.23"]
[SourceVersion "1"]
[SourceVersionDate "2017.08.23"]
[SourceQuality "1"]
[WhiteTeam "Bursa Buyuksehir"]
[BlackTeam "Ankara Dernegi"]
[WhiteTeamCountry "TUR"]
[BlackTeamCountry "TUR"]

1. d4 f5 2. e4 fxe4 3. Nc3 Nf6 4. Bg5 c6 5. Bxf6 exf6 6. Nxe4 d5 7. Ng3 Bd6 8. Qd2 Qe7+ 9. Be2 Be6 10. 0-0-0 Qc7 11. Kb1 0-0 12. Bd3 Na6 13. c3 Rae8 14. Qc2 g6 15. Nf3 c5 16. dxc5 Nxc5 17. Nd4 Nxd3 18. Nxe6 Rxe6 19. Qxd3 Re5 20. f4 Re6 21. Qxd5 Kf7 22. f5 gxf5 23. Nxf5 Be5 24. Ng7 Kxg7 25. Qxe6 Rf7 26. h4 Bf4 27. Qg4+ Kf8 28. Rhf1 Be5 29. Qf5 Bg3 30. h5 a6 31. h6 b6 32. Rd5 Be5 33. Rfd1 Kg8 34. Qg4+ 1-0

[Event "EU-chT U18 Girls"]
[Site "Celje"]
[Date "2016.07.10"]
[Round "1.1"]
[White "Tandogan, Buket"]
[Black "Hrescak, Ivana"]
[Result "0-1"]
[WhiteElo "1872"]
[BlackElo "2081"]
[PlyCount "120"]
[EventDate "2016.07.10"]
[EventType "team-swiss"]
[EventRounds "7"]
[EventCountry "SLO"]
[SourceTitle "CBM 173 Extra"]
[Source "ChessBase"]
[SourceDate "2016.08.29"]
[SourceVersion "1"]
[SourceVersionDate "2016.08.29"]
[SourceQuality "1"]
[WhiteTeam "Turkey U18 Girls IV"]
[BlackTeam "Slovenia U18 Girls II"]
[WhiteTeamCountry "TUR"]
[BlackTeamCountry "SLO"]

1. e4 c5 2. Nf3 d6 3. Bb5+ Bd7 4. Bxd7+ Qxd7 5. 0-0 Nf6 6. Re1 Nc6 7. c3 g6 8. d4 Bg7 9. d5 Nb8 10. a4 0-0 11. Na3 Rd8 12. Nc4 Qc7 13. Bf4 Nh5 14. Bg5 h6 15. Be3 Nd7 16. Nfd2 b6 17. g4 Nhf6 18. Bf4 Qc8 19. f3 a6 20. Qb3 Qb8 21. Bg3 Nh7 22. Kg2 Ra7 23. a5 b5 24. Nb6 Nxb6 25. axb6 Ra8 26. Bf2 Rd7 27. Kg1 Rb7 28. Qc2 a5 29. Nb3 a4 30. Nd2 Rxb6 31. Ra2 Rba6 32. Rea1 Qe8 33. Qc1 Qc8 34. Kh1 e6 35. Rb1 exd5 36. exd5 Qb7 37. Raa1 Re8 38. Ne4 Qxd5 39. Qd1 Qc6 40. Qd2 Bf8 41. Rd1 Re6 42. Kg2 Nf6 43. Nxf6+ Rxf6 44. Qd3 Ra8 45. Rd2 Rf4 46. Kg3 Rf6 47. Kg2 Re6 48. Bg3 Rae8 49. Rf1 Re3 50. Qc2 d5 51. Rff2 Bg7 52. Rde2 d4 53. Rxe3 Rxe3 54. Bf4 Re6 55. cxd4 Bxd4 56. Re2 Kh7 57. Rxe6 Qxe6 58. Bc1 Qe1 59. Kh3 Bf2 60. g5 h5 0-1

[Event "TUR-chT2"]
[Site "Konya"]
[Date "2015.07.26"]
[Round "2.2"]
[White "Tandogan, Buket"]
[Black "Onur, Cigdem"]
[Result "1-0"]
[WhiteElo "1676"]
[BlackElo "1659"]
[PlyCount "59"]
[EventDate "2015.07.25"]
[EventType "team-swiss"]
[EventRounds "9"]
[EventCountry "TUR"]
[SourceTitle "CBM 167 Extra"]
[Source "ChessBase"]
[SourceDate "2015.09.14"]
[SourceVersion "1"]
[SourceVersionDate "2015.09.14"]
[SourceQuality "1"]
[WhiteTeam "Ankara Onur"]
[BlackTeam "Bursa Buyuksehir"]
[WhiteTeamCountry "TUR"]
[BlackTeamCountry "TUR"]

1. e4 c5 2. Nf3 Nc6 3. Bb5 Nf6 4. Nc3 g6 5. e5 Ng4 6. Bxc6 dxc6 7. h3 Nh6 8. g4 Bg7 9. d3 f5 10. g5 Nf7 11. Qe2 Be6 12. Bf4 Qb6 13. 0-0-0 Qa5 14. a3 b5 15. Nb1 b4 16. h4 Rb8 17. Nfd2 Qb5 18. Nc4 Qb7 19. b3 Nd8 20. a4 Bd5 21. Rh3 Ne6 22. Bh2 f4 23. Qg4 Nd4 24. Re1 Be6 25. Qxf4 Bxh3 26. e6 Rc8 27. Qf7+ Kd8 28. Qxg7 Re8 29. Nd6 Qc7 30. Nf7# 1-0

[Event "Kemer Turkey Cup"]
[Site "Kemer"]
[Date "2014.02.08"]
[Round "9"]
[White "Surer, Sedat"]
[Black "Tandogan, Buket"]
[Result "1-0"]
[WhiteElo "1858"]
[BlackElo "1514"]
[PlyCount "79"]
[EventDate "2014.02.01"]
[EventType "swiss"]
[EventRounds "9"]
[EventCountry "TUR"]
[SourceTitle "EXT 2015"]
[Source "ChessBase"]
[SourceDate "2014.11.20"]
[SourceVersion "1"]
[SourceVersionDate "2014.11.20"]
[SourceQuality "1"]

1. e4 c5 2. b3 e6 3. Bb2 Nf6 4. Nc3 Nc6 5. Nf3 a6 6. a4 Be7 7. Be2 0-0 8. 0-0 Qc7 9. d4 cxd4 10. Nxd4 Nxd4 11. Qxd4 Bd6 12. h3 Be5 13. Nb5 Bxd4 14. Nxc7 Bxb2 15. Rab1 Rb8 16. Rxb2 Nxe4 17. c4 Rd8 18. b4 Nc3 19. Ra1 d5 20. cxd5 exd5 21. b5 axb5 22. axb5 b6 23. Rc1 Nxe2+ 24. Rxe2 Bb7 25. Re7 Kf8 26. Rce1 d4 27. Na6 Bxa6 28. bxa6 Ra8 29. a7 d3 30. Rb7 d2 31. Rd1 b5 32. Kf1 b4 33. Ke2 Rac8 34. Rxd2 Re8+ 35. Kd1 b3 36. Rdd7 b2 37. Rxb2 Red8 38. Rxd8+ Rxd8+ 39. Ke2 Ke8 40. Rb8 1-0

[Event "Kemer Turkey Cup"]
[Site "Kemer"]
[Date "2014.02.07"]
[Round "8"]
[White "Tandogan, Buket"]
[Black "Sahin, Ozgun"]
[Result "0-1"]
[WhiteElo "1514"]
[BlackElo "1906"]
[PlyCount "120"]
[EventDate "2014.02.01"]
[EventType "swiss"]
[EventRounds "9"]
[EventCountry "TUR"]
[SourceTitle "CBM 158 Extra"]
[Source "ChessBase"]
[SourceDate "2014.02.28"]
[SourceVersion "1"]
[SourceVersionDate "2014.02.28"]
[SourceQuality "1"]

1. e4 c5 2. Nf3 e6 3. d4 cxd4 4. Nxd4 a6 5. c4 Qc7 6. Be3 Nf6 7. Nc3 Bb4 8. Bd3 Nc6 9. Nxc6 bxc6 10. f4 d5 11. e5 Nd7 12. a3 Bc5 13. Bxc5 Nxc5 14. b4 Nxd3+ 15. Qxd3 Bb7 16. Rc1 0-0 17. 0-0 a5 18. b5 Qb6+ 19. Kh1 dxc4 20. Qxc4 cxb5 21. Qxb5 Qxb5 22. Nxb5 Ba6 23. Rb1 Rab8 24. a4 Rfc8 25. h3 g6 26. Rfd1 Rc4 27. Nd6 Rxb1 28. Rxb1 Rxa4 29. Rb8+ Kg7 30. Ne8+ Kh6 31. Nf6 Rxf4 32. Ra8 Be2 33. Rxa5 g5 34. Ra7 Kg6 35. Ra2 Bc4 36. Rc2 Bd5 37. Rd2 Bc6 38. Kh2 h5 39. Rc2 Ba4 40. Rc8 h4 41. Rc5 Kf5 42. Ra5 Bd1 43. Ra1 Rd4 44. Ra5 Rd2 45. Kg1 Bb3 46. Ra7 Kg6 47. Ng4 Re2 48. Ra3 Bd5 49. Ne3 Be4 50. Kf1 Rb2 51. Kg1 Rb5 52. Ng4 Bf5 53. Re3 Bxg4 54. hxg4 Rb4 55. Kf2 Rxg4 56. Rb3 Kf5 57. Rb5 Re4 58. Rb7 Kxe5 59. Rxf7 Rf4+ 60. Rxf4 Kxf4 0-1

[Event "Kemer Turkey Cup"]
[Site "Kemer"]
[Date "2014.02.03"]
[Round "4"]
[White "Karacan, Canberk"]
[Black "Tandogan, Buket"]
[Result "1/2-1/2"]
[WhiteElo "1720"]
[BlackElo "1514"]
[PlyCount "41"]
[EventDate "2014.02.01"]
[EventType "swiss"]
[EventRounds "9"]
[EventCountry "TUR"]
[SourceTitle "CBM 158 Extra"]
[Source "ChessBase"]
[SourceDate "2014.02.28"]
[SourceVersion "1"]
[SourceVersionDate "2014.02.28"]
[SourceQuality "1"]

1. e4 c5 2. Nf3 Nc6 3. d4 cxd4 4. Nxd4 Qc7 5. Nc3 e6 6. Be2 a6 7. a3 Nf6 8. 0-0 Nxd4 9. Qxd4 Bc5 10. Qd3 0-0 11. Kh1 b5 12. Bg5 Ne8 13. f4 f6 14. Bh4 Nd6 15. Rf3 Bb7 16. Rh3 Nc4 17. b3 Nxa3 18. f5 b4 19. Na4 Ba7 20. c3 a5 21. Bd1 1/2-1/2

[Event "TUR-chT"]
[Site "Konya"]
[Date "2011.07.05"]
[Round "9"]
[White "Ozgur, Emre"]
[Black "Tandogan, Buket"]
[Result "0-1"]
[WhiteElo "1732"]
[BlackElo "1548"]
[PlyCount "68"]
[EventDate "2011.06.28"]
[EventType "team-swiss"]
[EventRounds "13"]
[EventCountry "TUR"]
[SourceTitle "CBM 143 Extra"]
[Source "ChessBase"]
[SourceDate "2011.08.29"]
[SourceVersion "1"]
[SourceVersionDate "2011.08.29"]
[SourceQuality "1"]
[WhiteTeam "Besiktas Jimnastik"]
[BlackTeam "Yesilkoy"]
[WhiteTeamCountry "TUR"]
[BlackTeamCountry "TUR"]

1. d4 f5 2. c4 Nf6 3. Nf3 g6 4. g3 Bg7 5. Bg2 0-0 6. 0-0 d6 7. Nc3 Qe8 8. d5 a5 9. Nd4 Na6 10. Bf4 h6 11. Rb1 g5 12. Bc1 Bd7 13. Re1 Nc5 14. a3 a4 15. e3 Qg6 16. Qc2 Ng4 17. h3 Ne5 18. b4 axb3 19. Nxb3 Ncd3 20. Rd1 f4 21. exf4 gxf4 22. Be4 Bf5 23. Bxf5 Qxf5 24. g4 Qg6 25. Qe2 f3 26. Qe4 Qxe4 27. Nxe4 Nxc1 28. Rdxc1 Rxa3 29. Nd4 Nd3 30. Ne6 Nxc1 31. Nxf8 Ne2+ 32. Kh2 Kxf8 33. Rxb7 Be5+ 34. Ng3 Nxg3 0-1

[Event "TUR-chT"]
[Site "Konya"]
[Date "2011.07.04"]
[Round "7"]
[White "Agun, Lutfiye Selva"]
[Black "Tandogan, Buket"]
[Result "0-1"]
[WhiteElo "1572"]
[BlackElo "1548"]
[PlyCount "92"]
[EventDate "2011.06.28"]
[EventType "team-swiss"]
[EventRounds "13"]
[EventCountry "TUR"]
[SourceTitle "CBM 143 Extra"]
[Source "ChessBase"]
[SourceDate "2011.08.29"]
[SourceVersion "1"]
[SourceVersionDate "2011.08.29"]
[SourceQuality "1"]
[WhiteTeam "Tarsus Zeka"]
[BlackTeam "Yesilkoy"]
[WhiteTeamCountry "TUR"]
[BlackTeamCountry "TUR"]

1. e4 c5 2. c3 Nf6 3. e5 Nd5 4. d4 cxd4 5. Nf3 Nc6 6. Bc4 e6 7. cxd4 d6 8. exd6 Bxd6 9. 0-0 0-0 10. Nc3 Nf4 11. Re1 Ng6 12. Bg5 Be7 13. Bxe7 Ngxe7 14. Qd3 Nf5 15. Rad1 Nb4 16. Qe2 Nd5 17. Ne5 a6 18. Ne4 b5 19. Bb3 Bb7 20. Nc5 Qe7 21. Qf3 Nxd4 22. Rxd4 Qxc5 23. Rh4 Qe7 24. Qh5 Nf6 25. Qg5 Bd5 26. Rxh7 Kxh7 27. Bc2+ Kg8 28. Re3 g6 29. Rh3 Be4 30. Qh6 Nh5 31. Bxe4 Qb4 32. g4 Qe1+ 33. Kg2 Qxe4+ 34. Kg1 Qxe5 35. gxh5 Qg7 36. Qf4 g5 37. Qe3 Rfe8 38. h6 Qg6 39. h7+ Kh8 40. Rg3 f6 41. h4 Rad8 42. hxg5 fxg5 43. Rxg5 Qf6 44. Qg3 Qxb2 45. Qf4 Qd4 46. Qf7 Rf8 0-1

[Event "World School-ch U13 Girls 6th"]
[Site "Kayseri"]
[Date "2010.07.30"]
[Round "9"]
[White "Tandogan, Buket"]
[Black "Sahin, Handenur"]
[Result "0-1"]
[WhiteElo "1545"]
[BlackElo "1669"]
[PlyCount "62"]
[EventDate "2010.07.21"]
[EventType "swiss"]
[EventRounds "9"]
[EventCountry "TUR"]
[SourceTitle "CBM 137 Extra"]
[Source "ChessBase"]
[SourceDate "2010.09.01"]
[SourceVersion "1"]
[SourceVersionDate "2010.09.01"]
[SourceQuality "1"]

1. e4 e5 2. Nf3 Nf6 3. Nxe5 d6 4. Nf3 Nxe4 5. Nc3 Nxc3 6. dxc3 Be7 7. Bf4 0-0 8. Qd2 Nd7 9. 0-0-0 Nc5 10. Nd4 Bf6 11. f3 Ne6 12. Be3 Re8 13. Kb1 Nxd4 14. Bxd4 Be6 15. Bd3 c6 16. Bxf6 Qxf6 17. h4 a5 18. h5 b5 19. Rdf1 b4 20. c4 d5 21. c5 Reb8 22. g4 a4 23. g5 Qe7 24. f4 d4 25. f5 Bd5 26. Rh4 b3 27. cxb3 axb3 28. a3 Qxc5 29. Rff4 Rxa3 30. bxa3 b2 31. Bc4 Qxa3 0-1

[Event "World School-ch U13 Girls 6th"]
[Site "Kayseri"]
[Date "2010.07.28"]
[Round "7"]
[White "Zamalova, Ramilya"]
[Black "Tandogan, Buket"]
[Result "1/2-1/2"]
[WhiteElo "1875"]
[BlackElo "1545"]
[PlyCount "161"]
[EventDate "2010.07.21"]
[EventType "swiss"]
[EventRounds "9"]
[EventCountry "TUR"]
[SourceTitle "CBM 137 Extra"]
[Source "ChessBase"]
[SourceDate "2010.09.01"]
[SourceVersion "1"]
[SourceVersionDate "2010.09.01"]
[SourceQuality "1"]

1. d4 Nf6 2. c4 e6 3. Nc3 Bb4 4. Qc2 0-0 5. Bg5 h6 6. Bxf6 Qxf6 7. e3 b6 8. Nf3 Bb7 9. Be2 d6 10. 0-0 Bxc3 11. Qxc3 Nd7 12. Rfd1 Rfd8 13. Rac1 c5 14. dxc5 Qxc3 15. Rxc3 Nxc5 16. b4 Ne4 17. Rcc1 Rac8 18. Nd4 a6 19. f3 Nf6 20. Kf2 Kf8 21. a4 Ke7 22. Re1 Nd7 23. e4 Ne5 24. f4 Ng6 25. Ke3 Rd7 26. Rc2 Rdc7 27. Rec1 Kd7 28. Bg4 Re8 29. g3 Nf8 30. Rd1 Rec8 31. Rdc1 Re8 32. Bh3 Kd8 33. Kd3 Nd7 34. Bg2 Rc8 35. h3 Re7 36. g4 Nb8 37. Re2 Nc6 38. Nxc6+ Bxc6 39. Ra1 Rec7 40. Rc2 Bb7 41. Raa2 Ke7 42. Rab2 Rd7 43. Rb1 Rdc7 44. Rbc1 Kd7 45. Kd4 f6 46. Bf1 e5+ 47. fxe5 dxe5+ 48. Ke3 Ke7 49. Bd3 Kd6 50. h4 g6 51. Rf2 Ke7 52. Rcf1 Rc6 53. g5 hxg5 54. hxg5 Rf8 55. Rh1 Rf7 56. Rh8 Rd6 57. gxf6+ Rdxf6 58. Rxf6 Kxf6 59. Rd8 Ke7 60. Rg8 Kf6 61. Be2 Rd7 62. Bd3 Rh7 63. Rf8+ Ke7 64. Rb8 Kf6 65. Rf8+ Ke7 66. Rg8 Kf6 67. Rd8 Ke7 68. Rb8 Kf6 69. Be2 Rc7 70. c5 bxc5 71. bxc5 Ke7 72. Bc4 Bc6 73. Rb6 Bd7 74. Rxg6 Rxc5 75. Bxa6 Bxa4 76. Bb7 Bb3 77. Rg5 Kd6 78. Rf5 Kc7 79. Bd5 Bxd5 80. exd5 Rxd5 81. Ke4 1/2-1/2

[Event "World School-ch U13 Girls 6th"]
[Site "Kayseri"]
[Date "2010.07.23"]
[Round "3"]
[White "Keskin, Suara"]
[Black "Tandogan, Buket"]
[Result "1/2-1/2"]
[WhiteElo "1662"]
[BlackElo "1545"]
[PlyCount "109"]
[EventDate "2010.07.21"]
[EventType "swiss"]
[EventRounds "9"]
[EventCountry "TUR"]
[SourceTitle "CBM 137 Extra"]
[Source "ChessBase"]
[SourceDate "2010.09.01"]
[SourceVersion "1"]
[SourceVersionDate "2010.09.01"]
[SourceQuality "1"]

1. d4 Nf6 2. Nf3 e6 3. Bf4 d5 4. e3 Be7 5. Be2 0-0 6. h3 b6 7. 0-0 Bb7 8. Nbd2 Nbd7 9. c4 c5 10. cxd5 Nxd5 11. Bh2 cxd4 12. Nxd4 Nc5 13. Nc4 Rc8 14. Nb5 a6 15. Nbd6 Rb8 16. Nxb7 Rxb7 17. Bf3 Rd7 18. Ne5 Rd6 19. Qe2 f6 20. Nd3 Rc6 21. e4 Nc3 22. bxc3 Qxd3 23. Qxd3 Nxd3 24. Rab1 b5 25. Rb3 Rfc8 26. Rd1 Nc5 27. Rbb1 Na4 28. Rd7 Nxc3 29. Rf1 Kf8 30. e5 Rb6 31. exf6 Bxf6 32. Bc7 Ke8 33. Rxg7 Bxg7 34. Bxb6 Nxa2 35. Re1 Kf7 36. Bh5+ Ke7 37. Bf3 Kf7 38. Bh5+ Ke7 39. Rxe6+ Kxe6 40. Bg4+ Kd6 41. Bxc8 Nb4 42. Ba5 Nc6 43. Bxa6 Nxa5 44. Bxb5 Nb3 45. Bd3 h6 46. g4 Nd4 47. Kg2 Ne6 48. Bf5 Be5 49. h4 Bf6 50. Kg3 Be5+ 51. Kg2 Bf6 52. Bxe6 Kxe6 53. f4 Bxh4 54. Kh3 Bf6 55. g5 1/2-1/2

[Event "TUR-ch (Women)"]
[Site "Konya"]
[Date "2010.07.12"]
[Round "6"]
[White "Tandogan, Buket"]
[Black "Borekcioglu, Zeynep Dilara"]
[Result "0-1"]
[WhiteElo "1545"]
[BlackElo "1673"]
[PlyCount "102"]
[EventDate "2010.07.10"]
[EventType "swiss"]
[EventRounds "9"]
[EventCountry "TUR"]
[SourceTitle "CBM 137 Extra"]
[Source "ChessBase"]
[SourceDate "2010.09.01"]
[SourceVersion "1"]
[SourceVersionDate "2010.09.01"]
[SourceQuality "1"]

1. e4 c5 2. Nf3 Nc6 3. d4 cxd4 4. Nxd4 g6 5. Nc3 Bg7 6. Be3 Nf6 7. Be2 0-0 8. 0-0 d6 9. Kh1 a6 10. a4 Bd7 11. f4 Qc8 12. Bg1 h5 13. Bf3 Ng4 14. Nd5 Qd8 15. h3 Nh6 16. c3 f5 17. Qd2 e6 18. Nxc6 Bxc6 19. Nb6 fxe4 20. Bxe4 Bxe4 21. Nxa8 Qxa8 22. Qxd6 Bd5 23. Bb6 Nf5 24. Qb4 Ng3+ 25. Kg1 Nxf1 26. Rxf1 Qc8 27. Bc5 Rf7 28. a5 Bf8 29. Bxf8 Qxf8 30. Qd4 Qc8 31. Kh2 Qc4 32. Qf2 e5 33. g3 exf4 34. gxf4 Be4 35. Qg1 Bd3 36. Rf2 Rxf4 37. Rg2 Rf6 38. Rg5 Qc7+ 39. Rg3 Rf3 40. Qg2 Qxg3+ 41. Qxg3 Rxg3 42. Kxg3 Kf7 43. Kf4 Ke6 44. Ke3 Bf5 45. h4 Ke5 46. b4 Bg4 47. c4 Be6 48. c5 Bd5 49. Kd3 Kf4 50. Ke2 Kg3 51. Kf1 Kxh4 0-1